Report on the 1950 world census of agriculture / (Record no. 73392)
[ view plain ]
| 000 -LEADER | |
|---|---|
| fixed length control field | 00889nam a2200241 a 4500 |
| 001 - CONTROL NUMBER | |
| control field | 73392 |
| 003 - CONTROL NUMBER IDENTIFIER | |
| rucl marc code | BD-RjUL |
| 005 - DATE AND TIME OF LATEST TRANSACTION | |
| control field | 20211209082405.0 |
| 008 - FIXED-LENGTH DATA ELEMENTS--GENERAL INFORMATION | |
| fixed length control field | 181204m19551958it a 000 0 eng d |
| 035 ## - SYSTEM CONTROL NUMBER | |
| System control number | (BD-RjUL)73610 |
| 040 ## - CATALOGING SOURCE | |
| Original cataloging agency | DLC |
| Transcribing agency | OC |
| Modifying agency | BD-RjUL |
| Language of cataloging | eng |
| 041 ## - LANGUAGE CODE | |
| Language code of text/sound track or separate title | eng |
| 082 ## - DEWEY DECIMAL CLASSIFICATION NUMBER | |
| Edition number | 23 |
| Classification number | 630.2011 |
| Author mark and year | FOR V-1-2 1955-1958 |
| 110 1# - MAIN ENTRY--CORPORATE NAME | |
| Corporate name or jurisdiction name as entry element | Food and Agriculture Organization of the United Nations. |
| Subordinate unit | Economics Division. |
| 9 (RLIN) | 217097 |
| 245 10 - TITLE STATEMENT | |
| Title | Report on the 1950 world census of agriculture / |
| Statement of responsibility, etc. | Food and Agriculture Organization of the United Nations. Economics Division. |
| 246 ## - VARYING FORM OF TITLE | |
| Title proper/short title | Census results by countries (Vol. 1) |
| Title proper/short title | Census methodology (Vol. 2) |
| 260 ## - PUBLICATION, DISTRIBUTION, ETC. (IMPRINT) | |
| Place of publication, distribution, etc. | Rome : |
| Name of publisher, distributor, etc. | FAO, |
| Date of publication, distribution, etc. | 1955-1958 |
| 300 ## - PHYSICAL DESCRIPTION | |
| Pagination | 2 v. ; |
| Illustrations | Ill.; |
| Size | 29 cm. |
| 505 1# - FORMATTED CONTENTS NOTE | |
| Formatted contents note | Vol. 1, Census results by countries -- v. 2, Census methodology. |
| 650 #0 - SUBJECT ADDED ENTRY--TOPICAL TERM | |
| Topical term or geographic name as entry element | Agriculture |
| Form subdivision | Statistics. |
| 9 (RLIN) | 201943 |
| 942 ## - ADDED ENTRY ELEMENTS (KOHA) | |
| Source of classification or shelving scheme | Dewey Decimal Classification |
| Koha item type | Rare Books |
| Lost status | Source of classification or shelving scheme | Damaged status | Not for loan | Collection code | Permanent Location | Current Location | Shelving location | Date acquired | Source of acquisition | Cost, normal purchase price | Total Checkouts | Full call number | Date last seen | Copy number | Koha item type |
|---|---|---|---|---|---|---|---|---|---|---|---|---|---|---|---|
| Dewey Decimal Classification | Not For Loan | Rare Books | Central Library, University of Rajshahi | Central Library, University of Rajshahi | Rare Book Section | 30/10/1968 | Shilpa Niketan | 12.50 | RA 630.2011 FOR V-1 1955 | 30/05/2017 | C-1 | Rare Books | |||
| Dewey Decimal Classification | Not For Loan | Rare Books | Central Library, University of Rajshahi | Central Library, University of Rajshahi | Rare Book Section | 30/10/1968 | Shilpa Niketan | 10.00 | RA 630.2011 FOR V-2 1958 | 04/12/2018 | C-2 | Rare Books | |||
| Dewey Decimal Classification | Not For Loan | Rare Books | Central Library, University of Rajshahi | Central Library, University of Rajshahi | Rare Book Section | 30/10/1968 | Shilpa Niketan | 10.00 | RA 630.2011 FOR V-2 1958 | 06/12/2018 | C-1 | Rare Books |